Why Why Why do magnets push and pull? : and other electrifying questions about science!

Bibliographic Details
Main Author: Oxlade, Chris
Format: Book
Published: England : Miles Kelly Publishing , 2005
Series:Why Why Why
Subjects:

MARC

LEADER 00000cam a2200000 7i4500
001 0000062503
005 20160414.0
008 160412
020 |a 1842366041 
020 |a 9781842366042 
090 0 0 |a Q   |b ENG 
100 1 |a Oxlade, Chris 
245 1 0 |a Why Why Why do magnets push and pull? :   |b and other electrifying questions about science!   |c Chris Oxlade 
260 |a England :   |b Miles Kelly Publishing ,   |c 2005 
490 1 |a Why Why Why 
500 |a Children ages 7-9 years old (orange) 
650 0 |a English Fiction 
650 0 |a Quiz 
999 |a 0001133527   |b Book   |c Children Collection   |e Cawangan Segamat 
999 |a 0001133529   |b Book   |c Children Collection   |e Cawangan Batu Pahat 
999 |a 0001133530   |b Book   |c Children Collection   |e Cawangan Pontian 
999 |a 0001133536   |b Book   |c Children Collection   |e Cawangan Segamat 
999 |a 0001149986   |b Book   |c Children Collection   |e Cawangan Batu Pahat 
999 |a 0001149995   |b Book   |c Children Collection   |e Cawangan Segamat